Pays par drapeau #3 - Statistiques

Statistiques générales
  • Ce quiz a été pris 33 fois
  • Le résultat moyen est 17 sur 20
Statistiques - réponses
Par images Réponse % Correct
Turquie
97%
Canada
93%
Comores
93%
Somalie
93%
Tanzanie
93%
Bhoutan
90%
Burundi
90%
Barbade
86%
Mali
86%
Niger
86%
Philippines
86%
Birmanie
79%
Guinée Equatoriale
79%
Mauritanie
79%
Namibie
79%
Yemen
79%
Guinée
76%
Nauru
76%
Turkménistan
72%
Gambie
62%
Aucun quiz correspondant
Distribution des résultats
% des personnes avec chaque résultat
Percentile par nombre de réponses
Votre historique - résultats
Vous n’avez pas pris ce quiz